[Event "Montreal CMA Futurity ABCD"]
[Site "Montreal"]
[Date "2017.04.16"]
[Round "4"]
[White "Blanchette, Rene"]
[Black "Morin, Maxime"]
[Result "0-1"]
[WhiteElo "1712"]
[BlackElo "1737"]
[PlyCount "90"]
[EventDate "2017.04.14"]
[EventType "swiss"]
[EventRounds "5"]
[EventCountry "CAN"]
[SourceTitle "EXT 2022"]
[Source "ChessBase"]
[SourceDate "2021.10.06"]
[SourceVersion "1"]
[SourceVersionDate "2021.10.06"]
[SourceQuality "1"]

1. e4 c5 2. Nf3 g6 3. d4 cxd4 4. Nxd4 Bg7 5. Nc3 Nc6 6. Be3 Nf6 7. Bc4 Qa5 8. 0-0 0-0 9. Bb3 d6 10. h3 Bd7 11. Qd2 Nxd4 12. Bxd4 Bc6 13. Rad1 Nd7 14. Nd5 Qd8 15. Bxg7 Kxg7 16. Qd4+ Kg8 17. f4 Nc5 18. f5 Nxb3 19. axb3 Bxd5 20. Qxd5 Qc7 21. c3 Rac8 22. b4 Qc6 23. f6 Rfe8 24. fxe7 Rxe7 25. Rf6 Qxd5 26. Rxd5 Rce8 27. Rfxd6 Rxe4 28. Rd7 R8e7 29. Rxe7 Rxe7 30. Kf2 f5 31. c4 b6 32. c5 Rc7 33. Ke3 Kf7 34. Kd4 Ke7 35. Rd6 bxc5+ 36. bxc5 Rb7 37. Kc3 a5 38. Rb6 Rxb6 39. cxb6 Kd6 40. Kc4 Kc6 41. b7 Kxb7 42. Kb5 g5 43. Kc5 g4 44. hxg4 fxg4 45. Kd5 Kb6 0-1

[Event "Montreal CMA Futurity ABCD"]
[Site "Montreal"]
[Date "2017.04.15"]
[Round "3"]
[White "Morin, Maxime"]
[Black "Yergeau, Simon"]
[Result "1-0"]
[WhiteElo "1737"]
[BlackElo "1646"]
[PlyCount "97"]
[EventDate "2017.04.14"]
[EventType "swiss"]
[EventRounds "5"]
[EventCountry "CAN"]
[SourceTitle "EXT 2022"]
[Source "ChessBase"]
[SourceDate "2021.10.06"]
[SourceVersion "1"]
[SourceVersionDate "2021.10.06"]
[SourceQuality "1"]

1. e4 c6 2. d4 d5 3. f3 e6 4. Nc3 Bb4 5. Nge2 c5 6. a3 Bxc3+ 7. Nxc3 dxe4 8. dxc5 Qxd1+ 9. Kxd1 exf3 10. Nb5 Na6 11. Nd6+ Ke7 12. b4 Nc7 13. Bb2 Nf6 14. gxf3 Rd8 15. Ke1 g6 16. Rd1 Nfe8 17. Ne4 Bd7 18. Kf2 Bc6 19. Bd3 Ba4 20. Nc3 Bc6 21. h4 Nf6 22. Ne2 Nh5 23. Nd4 Ba4 24. Ne2 a6 25. Nc3 Bc6 26. Rhe1 Nd5 27. Nxd5+ Bxd5 28. c4 Bc6 29. b5 axb5 30. cxb5 Bd5 31. Bc2 f6 32. a4 Kf7 33. Rd2 h6 34. Red1 Rdc8 35. Bd4 g5 36. hxg5 hxg5 37. Be3 Rh8 38. Rxd5 exd5 39. Rxd5 Rhd8 40. Be4 Ke7 41. Rxd8 Kxd8 42. Bxb7 Rxa4 43. c6 Kc7 44. b6+ Kb8 45. Bc5 Ra2+ 46. Ke3 Re2+ 47. Kxe2 Ng3+ 48. Kd3 Nf5 49. Ke4 1-0

[Event "Montreal op U2000"]
[Site "Montreal"]
[Date "2016.09.10"]
[Round "2.4"]
[White "Lauron, Ranel G"]
[Black "Morin, Maxime"]
[Result "0-1"]
[WhiteElo "1953"]
[BlackElo "1662"]
[PlyCount "84"]
[EventDate "2016.09.09"]
[EventType "swiss"]
[EventRounds "5"]
[EventCountry "CAN"]
[SourceTitle "EXT 2022"]
[Source "ChessBase"]
[SourceDate "2021.10.06"]
[SourceVersion "1"]
[SourceVersionDate "2021.10.06"]
[SourceQuality "1"]

1. e4 c5 2. d4 cxd4 3. Qxd4 Nc6 4. Qe3 g6 5. Nc3 Bg7 6. Bd2 Nf6 7. 0-0-0 0-0 8. f4 d5 9. exd5 Nxd5 10. Qe1 Qa5 11. Bc4 Nxc3 12. Bxc3 Bxc3 13. Qxc3 Qxc3 14. bxc3 Bg4 15. Re1 Rfe8 16. h3 Bd7 17. Nf3 Na5 18. Bxf7+ Kxf7 19. Ne5+ Ke6 20. Nc4+ Kf5 21. Nxa5 b6 22. Nc4 Rac8 23. Ne3+ Kxf4 24. Rhf1+ Kg5 25. Nd5 Rc5 26. Re5+ Kh6 27. Rf7 Rxd5 28. Re4 Bf5 29. Rh4+ Kg5 30. Rhxh7 e5 31. h4+ Kg4 32. h5 g5 33. Rhg7 e4 34. h6 e3 35. Re7 Re5 36. Rxe5 Rxe5 37. Kd1 Kg3 38. Ke1 Bg4 39. c4 Re6 40. h7 Rh6 41. Rf7 Rh1+ 42. Rf1 Rxh7 0-1

[Event "Quebec op U1700"]
[Site "Montreal"]
[Date "2016.07.26"]
[Round "5.2"]
[White "Morin, Maxime"]
[Black "Turgeon, Yoakim"]
[Result "1-0"]
[WhiteElo "1583"]
[BlackElo "1675"]
[PlyCount "123"]
[EventDate "2016.07.23"]
[EventType "swiss"]
[EventRounds "8"]
[EventCountry "CAN"]
[SourceTitle "EXT 2022"]
[Source "ChessBase"]
[SourceDate "2021.10.06"]
[SourceVersion "1"]
[SourceVersionDate "2021.10.06"]
[SourceQuality "1"]

1. e4 e5 2. Nf3 Nc6 3. d4 exd4 4. Nxd4 Bc5 5. Be3 Bb6 6. Nxc6 bxc6 7. Bxb6 axb6 8. c4 d6 9. Nc3 Nf6 10. Be2 0-0 11. 0-0 Be6 12. b3 d5 13. exd5 cxd5 14. cxd5 Nxd5 15. Nxd5 Bxd5 16. Bf3 Bxf3 17. Qxf3 Qd2 18. Rfd1 Qb2 19. a4 Rad8 20. Rab1 Qe5 21. Re1 Qd5 22. Rbd1 Qxf3 23. gxf3 Rfe8 24. Rxe8+ Rxe8 25. Rd7 Rc8 26. Kf1 Kf8 27. Ke2 Ke8 28. Rd4 Ke7 29. Kd3 c5 30. Re4+ Kd6 31. Kc4 f5 32. Re1 Kc6 33. Re6+ Kb7 34. Kb5 Rd8 35. Rxb6+ Ka7 36. Kc6 Rc8+ 37. Kb5 Rd8 38. Kxc5 Rd2 39. Rd6 Rc2+ 40. Kd4 Rd2+ 41. Ke5 Rxf2 42. Rd7+ Kb6 43. Rxg7 Rxf3 44. Rxh7 f4 45. Ke4 Rxb3 46. Kxf4 Rb4+ 47. Kg5 Rxa4 48. h4 Kc6 49. h5 Ra1 50. Rg7 Rg1+ 51. Kf6 Rf1+ 52. Kg6 Rg1+ 53. Kh7 Rh1 54. h6 Kd6 55. Rg6+ Ke7 56. Kg7 Rf1 57. h7 Rf7+ 58. Kh6 Rf8 59. Rg8 Rf6+ 60. Kg5 Rf1 61. h8Q Kf7 62. Rg7+ 1-0

[Event "Quebec op U1700"]
[Site "Montreal"]
[Date "2016.07.23"]
[Round "1.63"]
[White "Germain, Max"]
[Black "Morin, Maxime"]
[Result "0-1"]
[WhiteElo "1411"]
[BlackElo "1583"]
[PlyCount "100"]
[EventDate "2016.07.23"]
[EventType "swiss"]
[EventRounds "8"]
[EventCountry "CAN"]
[SourceTitle "EXT 2022"]
[Source "ChessBase"]
[SourceDate "2021.10.06"]
[SourceVersion "1"]
[SourceVersionDate "2021.10.06"]
[SourceQuality "1"]

1. d4 d5 2. c4 e6 3. Nc3 Nf6 4. Bg5 Be7 5. e3 h6 6. Bf4 c6 7. a3 Nbd7 8. Bd3 0-0 9. Nge2 dxc4 10. Bxc4 b5 11. Bd3 Bb7 12. 0-0 a6 13. b4 a5 14. Qb3 Ra6 15. Rac1 Qa8 16. Ne4 axb4 17. axb4 Ra3 18. Qb1 Nd5 19. Bd6 Bxd6 20. Nxd6 Ra4 21. Nxb7 Qxb7 22. Bc2 Rxb4 23. Bb3 Rc8 24. Qd3 c5 25. Bxd5 Qxd5 26. e4 Qb7 27. dxc5 Nxc5 28. Qd6 Rc4 29. f3 Nb3 30. Rxc4 bxc4 31. Nc3 Qa7+ 32. Kh1 Qe3 33. Qb4 Nd2 34. Rd1 h5 35. Nb1 Nxf3 36. Rf1 Qe2 37. Rc1 Nh4 38. Qd2 Qxe4 39. Nc3 Qf5 40. Qe2 Ng6 41. Rf1 Qe5 42. Qf3 Rc7 43. g3 Rd7 44. Ne4 f5 45. Nf2 Qd5 46. Nh3 Ne5 47. Qxd5 Rxd5 48. Nf4 Rd2 49. Rc1 Nf3 50. Ng2 c3 0-1